00956nam a2200265 i 4500001000300000100002200003245006900025260003200094300002100126490003300147504002200180521010100202650002200303650007000325655003000395700002100425830003300446020001800479040000800497041001300505044000800518080002500526008004100551856009800592bg2 aLuto, Krystyna A.00aLexical compendium :bmedia /cKrystyna A. Luto, Maciej Ganczar. aWarszawa :bPoltext,c2007. a199 s. ;c24 cm.1 aEnglish for Special Purposes aBibliogr. s. 199.8 aDla studentów dziennikarstwa, nauk politycznych, stosunków międzynarodowych, europeistyki. 9aJęzyk angielski 9aŚrodki masowego przekazuxterminologiaypodręcznik akademicki aPodręczniki akademickie1 aGanczar, Maciej. aEnglish for Special Purposes a9788375610031 cBPK0 aengbpol aPOL a811.111(075.8):659.3 s pl f |000 0 pol  uhttp://koha.tu.koszalin.pl/cgi-bin/koha/opac-detail.pl?biblionumber=54610yKatalog online BPK